000 00516nam a2200193Ia 4500
003 GCL
008 140319s9999 xx 000 0 ara d
040 _aGCL /
_cGCL
082 0 4 _a351
_bع م
100 1 _aعلى محمد منصور
245 1 0 _aمبادئ الادارة اسس ومفاهيم /
_cعلى محمد منصور
300 _a384 ص
490 _a
650 0 4 _aالادارة
650 0 4 _aالتخطيط
650 0 4 _aالتنظيم
650 0 4 _aادارة الافراد
942 _2ddc
_cBK
999 _c52305
_d52305